Normal view
MARC view
- الثورة العربية الكبرى1916م
Entry Topical Term
001 - CONTROL NUMBER
- control field: 10797
003 - CONTROL NUMBER IDENTIFIER
- control field: JO-AjAnu
005 - DATE AND TIME OF LATEST TRANSACTION
- control field: 20230606072031.0
008 - FIXED-LENGTH DATA ELEMENTS
- fixed length control field: 230606|| aca||aabn | a|a d
040 ## - CATALOGING SOURCE
- Original cataloging agency: JO-AjAnu
- Transcribing agency: JO-AjAnu
150 ## - HEADING--TOPICAL TERM
- Topical term or geographic name entry element: الثورة العربية الكبرى1916م
670 ## - SOURCE DATA FOUND
- Source citation: Work cat.: (JO-AjAnu)5559: ابو دية، سعد، م.مشارك صالح، قاسم محمد, author 10796, الثورة العربية الكبرى: الجانب الفكري